Conferencias y artículos
Shranjeno v:
| Format: | Knjiga |
|---|---|
| Jezik: | španščina |
| Izdano: |
Barcelona
Del Serbal
1994
|
| Serija: | Colección Odós, 5
|
| Teme: | |
| Oznake: |
Označite
Brez oznak, prvi označite!
|
MARC
| LEADER | 00000nam a2200000 a 4500 | ||
|---|---|---|---|
| 001 | UCP2507 | ||
| 003 | CL-VaPUC | ||
| 008 | 990520e19940000SP |||||||||||||||||spa|d | ||
| 082 | 0 | 4 | |a 142.78 |b HEI |2 21 |
| 245 | 1 | 0 | |a Conferencias y artículos |
| 300 | |a 246 p | ||
| 942 | |c BK | ||
| 945 | |d 19990520 00:00:00 |a rbrito | ||
| 260 | |a Barcelona |b Del Serbal |c 1994 | ||
| 650 | 0 | |a Existencialismo |9 265698 | |
| 650 | 0 | |a Metafísica |9 265649 | |
| 650 | 0 | |a Filosofía de las ciencias |9 256466 | |
| 650 | 0 | |a Nihilismo |9 265670 | |
| 583 | |a last modification |c 19990520 00:00:00 |k Rodrigo Vera | ||
| 490 | 0 | |a Colección Odós, 5 | |
| 999 | |c 281029 |d 281027 | ||
| 952 | |0 0 |1 0 |4 0 |6 142_780000000000000_HEI_1994 |7 0 |8 A |9 321628 |a BIBEDU |b BIBEDU |d 2019-11-20 |i 3517993 |o 142.78 HEI 1994 |p 3517993 |r 2019-11-20 |w 2019-11-20 |y BK |k FIL | ||
| 952 | |0 0 |1 0 |4 0 |6 142_780000000000000_HEI_1994 |7 0 |8 R |9 321629 |a BIBART |b BIBART |d 2019-11-20 |i 3801845 |o 142.78 HEI 1994 |p 3801845 |r 2025-03-13 |w 2019-11-20 |y BK_R |k ART | ||